| 000 | 00387nam a2200169Ia 4500 | ||
|---|---|---|---|
| 008 | 221030s9999 xx 000 0 und d | ||
| 020 | _a8176566330 | ||
| 041 | _aEnglish | ||
| 082 | _a105.23 | ||
| 100 | _aY. P. Kanetkar | ||
| 245 | 0 |
_aExploring C _cby Y. P. Kanetkar |
|
| 250 | _a2nd | ||
| 260 |
_bBPB Pub. _aNew Delhi _c2010 |
||
| 300 | _a605 | ||
| 650 | _aBE Computer | ||
| 942 | _cBK | ||
| 999 |
_c9731 _d9731 |
||